00665nam a2200133Ia 4500003000900000005001700009008004100026040002800067110006300095245018800158260008100346300005100427650005300478DO-SdBJH20180416230456.0180414s9999 dr 000 0 spa d aDO-SdBJHbspacDO-SdBJH aInstituto de Cooperación para la Seguridad Hemisférica10a FM 7-15 Pelotones y escuadras de Fusileros de infantería, de infantería aerotransportada y de infantería mecanizada / Instituto de Cooperación para la Seguridad Hemisférica aFuerte Benning, Georgia : Cuartel General Secretaría del Ejército, 1963 a289 páginas páginas en varias paginaciones 4aPelotones y escuadras -- Infantería mecanizada